| 000 | 00543nam a2200193 a 4500 | ||
|---|---|---|---|
| 001 | 2440 | ||
| 003 | CDMR | ||
| 005 | 20131211181422.0 | ||
| 008 | 130130s1973||||||||||||||||||||||||||||d | ||
| 020 | _a8450059437 | ||
| 040 |
_aCDMR _bcat _cCDMR |
||
| 100 | 1 |
_aStoetzel, Jean _91825 |
|
| 245 | 1 | 4 |
_aLas encuestas de opinión pública _cJean Stoetzel y Alain Girard |
| 260 |
_aMadrid _c1973 _bInstituto de la Opinión Pública |
||
| 300 | _a343 p. | ||
| 650 | 0 | 4 |
_94508 _aOpinió pública _xSondejos |
| 700 | 1 |
_94512 _aGirard, Alain |
|
| 942 |
_cMON _2udc |
||
| 999 |
_c2440 _d2440 |
||